000 00876nam a2200229 i 4500
001 110825
003 ES-MaACL
005 20260127062537.0
007 t|
008 070131s1921 sp ||||1| spa d
080 _a340.151
100 1 _aFernandes, Raúl.
_949322
245 1 3 _aEl principio de igualdad jurídica de los Estados en la práctica internacional después de la guerra
_b: Conferencia /
_cpor Raúl Fernandes.
260 _aMadrid :
_bReus,
_c1921.
300 _a35 p. ;
_c18 cm.
490 1 _aPublicaciones de la Real Academia de Jurisprudencia y Legislación ;
_v51
500 _aSesión del dia 21 de Mayo de 1921.
700 _aReal Academia de Jurisprudencia y Legislación de España
_9217612
830 0 _aPublicaciones de la Real Academia de Jurisprudencia y Legislación ;
_v51
_9180630
852 _aES-MaACL
_jL-5217
999 _c110825
_d110825